000 nam a22 a 4500
999 _c3625
_d3625
003 AKMAL
005 20170523123823.0
008 170523s1986 -usz d 00 eng d
040 _cAKMAL
082 0 4 _a659.1 BOV
090 _a659.1
_bBOV
100 1 _aBovee, Courtland L.
_97176
245 1 0 _aContemporary advertising /
_cCourtland L. Bovée, William F. Arens
250 _a2nd ed
260 _aHomewood, Ill. :
_bIrwin,
_c1986
300 0 0 _a629p. :
_bill. (some col.) ;
_c28cm
490 0 _aThe Irwin series in marketing
650 0 _aAdvertising
_97177
700 1 _aArens, William F.
_97178
942 _2ddc
_cBOOK